000 00800nam a2200241 i 4500
001 141368
003 ES-MaACL
005 20231205181143.0
007 t|
008 070921s1958 sp a |||| |bspa d
080 _a929 Unamuno, Miguel de
100 1 _aVillarrazo, Bernardo.
_9115131
245 1 0 _aMiguel Unamuno /
_cBernardo Villarrazo ; prólogo de Jóse María de Cossío.
260 _aBarcelona :
_bAedos,
_c[1958]
300 _a290 p. :
_bil. ;
_c22 cm.
490 1 _aBiblioteca biográfica ;
_v14
586 _aPremio biografía Aedos 1958
600 1 4 _aUnamuno, Miguel de,
_d1864-1936-
_xBiografías
_9172375
700 1 _aCossío, José María de,
_d1893-1977
_941017
830 1 _aBiblioteca biográfica ;
_v14
_9181197
852 _aES-MaACL
_jC-16619
999 _c141368
_d141368